000 00218nam a22001097a 4500
999 _c12923
_d12923
082 _a891.439
100 _aDhool, Mushtaq Ahmed
245 _aShanakht
260 _aPakistan
_c2015
300 _a320 pages.
942 _cBK